Armenia in the Eurovision Song Contest - Statistics

General Stats
  • This quiz has been taken 26 times
    5 since last reset
  • The average score is 12 of 18
Answer Stats
Answer % Correct
Not Alone
100%
Paloma Rumba
100%
Snap
100%
Survivor
100%
Fly with Me
75%
Future Lover
75%
Jako (Ժակո)
75%
LoveWave
75%
Qami (Քամի)
75%
Walking Out
75%
Apricot Stone
50%
Boom Boom
50%
Face The Shadow
50%
Lonely Planet
50%
Qélé, Qélé (Քելե, Քելե)
50%
Anytime You Need
25%
Jan Jan (Ջան Ջան)
25%
Without Your Love
25%
No matching quizzes found
Score Distribution
Percent of People with Each Score
Percentile by Number Answered
Your Score History
You have not taken this quiz since the last reset